000 00811nam a2200253Ia 4500
003 GCL
008 140319s9999 xx 000 0 ara d
040 _aGCL /
_cGCL
082 0 4 _a939.06
_bج م
100 1 _aاحسان عباس
245 1 0 _aمدن بلاد الشام حين كانت ولاية رومانية /
_cاحسان عباس
700 1 _aجونز، ا . م .
260 _a[S.N] :
_bدار الشروق ،
_c1986
300 _a191 ص
490 _aبحوث فى تاريخ بلاد الشام
_v0
650 0 4 _aالعالم العربى
650 0 4 _aتاريخ
650 0 4 _aسوريا
650 0 4 _aالشام
650 0 4 _aسوريا القديمة
650 0 4 _aالامبراطورية الرومانية
650 0 4 _aتاريخ الحكم الرومانى
942 _2ddc
_cBK
999 _c27530
_d27530